<?xml version="1.0" encoding="UTF-8"?>
<collection xmlns="http://www.loc.gov/MARC21/slim">
  <record>
    <leader>00000nam  2200000   4500</leader>
    <controlfield tag="001">INLIS000000000002965</controlfield>
    <controlfield tag="005">20190225113732</controlfield>
    <datafield tag="035" ind1="#" ind2="#">
      <subfield code="a">0010-0718002965</subfield>
    </datafield>
    <controlfield tag="008">190225################|##########0#ind##</controlfield>
    <datafield tag="020" ind1="#" ind2="#">
      <subfield code="a">9794138290</subfield>
    </datafield>
    <datafield tag="041" ind1=" " ind2=" ">
      <subfield code="a">id</subfield>
    </datafield>
    <datafield tag="082" ind1="#" ind2="#">
      <subfield code="a">025.5</subfield>
    </datafield>
    <datafield tag="090" ind1=" " ind2=" ">
      <subfield code="a">025.5 Sum p</subfield>
    </datafield>
    <datafield tag="100" ind1=" " ind2="#">
      <subfield code="a">Sumardji, P.</subfield>
    </datafield>
    <datafield tag="245" ind1="1" ind2="#">
      <subfield code="a">Pelayanan Referensi Di Perpustakaan /</subfield>
      <subfield code="c">P. Sumardji</subfield>
    </datafield>
    <datafield tag="250" ind1="#" ind2="#">
      <subfield code="a">Ed. 1</subfield>
    </datafield>
    <datafield tag="260" ind1="#" ind2="#">
      <subfield code="a">Yogyakarta :</subfield>
      <subfield code="b">Kanisius,</subfield>
      <subfield code="c">1992</subfield>
    </datafield>
    <datafield tag="300" ind1="#" ind2="#">
      <subfield code="a">76 hlm.; ilus :</subfield>
      <subfield code="b">ilus ;</subfield>
      <subfield code="c">21 cm</subfield>
    </datafield>
    <datafield tag="500" ind1="#" ind2="#">
      <subfield code="a">Uraian mengenai Pelayanan Referensi di Perpustakaan ini, memberikan petunjuk/pedoman mengenai pelaksanaan pelayaan referensi di perpustakaan yang sudah cukup besar, maju , dan berkembang. Namun demikian tidak kurang pula manfaatnya jika diterapkan di perpustakaan-perpustakaan yang masih belum beberapa besar, bahkan yang masih baru mulai diselenggarakan.</subfield>
    </datafield>
    <datafield tag="650" ind1=" " ind2="#">
      <subfield code="a">Perpustakaan -- Referensi</subfield>
    </datafield>
    <datafield tag="084" ind1="#" ind2="#">
      <subfield code="a">025.5 Sum p</subfield>
    </datafield>
    <datafield tag="856" ind1="#" ind2="#">
      <subfield code="a">Perpustakaan Lembaga Administras Negara</subfield>
    </datafield>
  </record>
</collection>
